[Event "XV Carlos Torre Wimbledon"]
[Site "Merida MEX"]
[Date "2002.12.18"]
[Round "1"]
[White "Arencibia,W"]
[Black "Wojtkiewicz,A"]
[Result "1/2-1/2"]
[WhiteElo "2521"]
[BlackElo "2567"]

1.g3 d5 2.Nf3 c6 3.Bg2 Bg4 4.b3 Nd7 5.Bb2 Ngf6 6.O-O e6 7.d3 Bd6 8.Nbd2 O-O
9.h3 Bxf3 10.Nxf3 Qe7 11.a4 a5 12.Re1 e5 13.e4 dxe4 14.dxe4 Bb4 15.Re2 Rfd8
16.Qc1 Ne8 17.Kh1 Nc7 18.Qf1 Bd6 19.Rd2 Ne6 20.h4 Nec5 21.Qe2 g6 22.Nh2 Bc7
23.Rad1  1/2-1/2

[Event "XV Carlos Torre"]
[Site "Merida MEX"]
[Date "2002.12.19"]
[Round "7"]
[White "Pigusov,E"]
[Black "Georgiev,Vl"]
[Result "1/2-1/2"]
[WhiteElo "2622"]
[BlackElo "2501"]

1.Nf3 d5 2.g3 c6 3.Bg2 Bg4 4.d4 Nd7 5.O-O e6 6.Nbd2 Ngf6 7.Re1 Be7 8.e4 O-O
9.c3 Bh5 10.Qb3 Rb8 11.c4 Nxe4 12.Nxe4 dxe4 13.Rxe4 Qb6 14.Qxb6 Nxb6 15.b3 Rbd8
16.g4 Bg6 17.Re2 h5 18.h3 hxg4 19.hxg4 Nd7 20.Bb2 Rfe8 21.Bc3 Bd6 22.Rae1 Bf4
23.Bd2 Bc7 24.Bc3 Bf4 25.Bd2 Bc7 26.Bc3  1/2-1/2

[Event "Salona Rapid 1hr"]
[Site "Solin-Spilt CRO"]
[Date "2002.12.20"]
[Round "18"]
[White "Cvitan,O"]
[Black "Pavasovic,D"]
[Result "1-0"]
[WhiteElo "2562"]
[BlackElo "2581"]

1.Nf3 d5 2.g3 Bg4 3.Bg2 Nd7 4.O-O c6 5.d4 e6 6.Nbd2 Ngf6 7.Re1 Be7 8.e4 O-O
9.c3 Bh5 10.Qb3 Qb6 11.exd5 cxd5 12.a4 Qc7 13.a5 a6 14.c4 dxc4 15.Nxc4 Nd5
16.Bd2 Rad8 17.Rac1 Qb8 18.Nfe5 N7f6 19.h3 Bg6 20.h4 Bf5 21.Ne3 Be4 22.Bxe4 Nxe4
23.Nxd5 exd5 24.Bf4 Qa7 25.Rxe4 dxe4 26.Rc7 Qxd4 27.Rxe7 Qd1+ 28.Qxd1 Rxd1+
29.Kg2 Rd5 30.b4 Rb5 31.Nd7 Rb8 32.Nb6 Rd8 33.Bc7 Rf8 34.Bd6 Rd8 35.Bc5 h5
36.Rxb7 Rd2 37.Kf1 Rc2 38.Ra7  1-0

[Event "TSGM Dec"]
[Site "Belgrade YUG"]
[Date "2002.12.21"]
[Round "1"]
[White "Arsovic,Z"]
[Black "Lopez Martinez,J"]
[Result "1/2-1/2"]
[WhiteElo "2410"]
[BlackElo "2437"]

1.Nf3 d5 2.g3 Nf6 3.Bg2 c6 4.c4 Bf5 5.cxd5 cxd5 6.Qb3 Qb6 7.d3 Qxb3 8.axb3 Nc6
9.O-O e5 10.Bg5 Be6 11.Nc3 Bb4 12.Nb5 O-O 13.d4 e4 14.Ne5 Rfc8 15.Rfc1 a6
16.Nxc6 bxc6 17.Nc3 Nd7 18.Na4 h6 19.Be3 Rab8 20.Rc2 Be7 21.Rac1 Rxb3 22.Rxc6 Rxc6
23.Rxc6 Rb4 24.Rxa6 Bf6 25.f3 exf3 26.Bxf3 Bxd4 27.Bxd4 Rxd4 28.Kf2 Rb4 29.Ra8+ Kh7
30.Nc3 Nf6 31.Ra4 Rxb2 32.Rd4 Rb3 33.Nd1 Rb5 34.Ne3 g5 35.h4 Kg6 36.Ra4 Rc5
37.Rd4 h5 38.hxg5 Kxg5 39.Ra4 Ng4+ 40.Bxg4 hxg4 41.Rf4 Rc3 42.Ng2 Rc4 43.Ke3 Rc1
44.Kf2 Rh1 45.Ne3 Rh2+ 46.Kf1 f5 47.Ke1 Rh7 48.Kf2 Rd7 49.Rd4 Kf6 50.Ng2 Ke5
51.Rb4 d4 52.Nf4 Rd6 53.Nd3+ Kf6 54.Nf4 Bf7 55.Ra4 Bb3 56.Rb4 Bc2 57.Rb2 Be4
58.Rb5 Rc6 59.Rb4 Ke5 60.Rb5+ Kd6 61.Rb4 Kc5 62.Rb8 Kc4 63.Ra8 Kb3 64.Rd8 Kc3
65.Ra8 Rc4 66.Ra2 Rc6 67.Ra3+ Kb4 68.Ra8 Rh6 69.Rc8 Kb3 70.Rc7 Kb2 71.Rc8 Kb3
72.Rc7 Rh2+ 73.Kg1 Rh1+ 74.Kf2 Rd1 75.Rd7 Kc4 76.Rc7+ Kb5 77.Rc8 Rd2 78.Ke1 Ra2
79.Rd8 Kc4 80.Rc8+ Kb4 81.Rd8 Ra1+ 82.Kf2 Rd1 83.Rc8 Rh1 84.Rc7 Kb3 85.Rc8  1/2-1/2

[Event "AIG Life rapid"]
[Site "Warsaw POL"]
[Date "2002.12.21"]
[Round "3"]
[White "Stryjecki,M"]
[Black "Krasenkow,M"]
[Result "0-1"]
[WhiteElo "2442"]
[BlackElo "2651"]

1.g3 d5 2.Nf3 c6 3.Bg2 g6 4.c4 dxc4 5.Na3 Qd5 6.Qa4 b5 7.Qa5 a6 8.b3 Bg7
9.bxc4 bxc4 10.Qc7 Bxa1 11.Qxc8+ Qd8 12.Qb7 Nd7 13.Nxc4 Bg7 14.O-O Nh6 15.Nfe5 Bxe5
16.Bxc6 Rb8 17.Bxd7+ Qxd7 18.Qxd7+ Kxd7 19.Nxe5+ Ke6 20.Nc4 Nf5 21.d3 Rhc8
22.Bf4 Rb7 23.Rc1 Nd6 24.Rc2 Nxc4 25.dxc4 Rb4 26.c5 Kd5 27.Be3 Rcb8 28.Rd2+ Kc6
29.Rd3 Ra4 30.a3 Rb1+ 31.Kg2 Ra1 32.Rb3 R1xa3 33.Rb6+ Kd5 34.Rb7 Re4 35.Kf3 Re6
36.g4 a5 37.Ra7 a4 38.h4 Ra1 39.h5 a3 40.h6 a2 41.Bd2 Kc4 42.Ra3 Kxc5 43.Bc3 Rc1
44.Bg7 Rc2 45.e3 Kb5 46.Ra7 f6 47.g5 Ra6  0-1

[Event "AIG Life rapid"]
[Site "Warsaw POL"]
[Date "2002.12.21"]
[Round "5"]
[White "Markowski,T"]
[Black "Krasenkow,M"]
[Result "1/2-1/2"]
[WhiteElo "2549"]
[BlackElo "2651"]

1.g3 d5 2.Nf3 c6 3.Bg2 g6 4.O-O Bg7 5.d3 Nf6 6.Nc3 O-O 7.e4 dxe4 8.dxe4 Bg4
9.h3 Bxf3 10.Qxf3 e5 11.a4 a5 12.Qe2 Na6 13.Be3 Qe7 14.Nb1 Nc5 15.Nd2 Rfd8
16.Rfd1 Bf8 17.Qc4 Ne6 18.c3 Qc7 19.Nb3 b6 20.Bf3 h5 21.h4 Kh7 22.Rxd8 Rxd8
23.Qa6 Nd7 24.Qc4 Bh6 25.Bxh6 Kxh6 26.Rd1 Kg7 27.Bg2 Ndc5 28.Rxd8 Qxd8 29.Nxc5 Nxc5
30.Bf1 Qd1 31.b4 Nb3 32.Qxc6 Nd2 33.Qb5 Nxf1 34.Qxf1 Qxa4 35.Qc4 Qd1+ 36.Kg2 a4
37.Qc7 a3 38.Qxe5+ Kh7 39.Qc7 Qb3 40.c4 Kg7 41.Qe5+ Kg8 42.Qb8+ Kg7 43.Qe5+ Kg8
44.Kg1  1/2-1/2

[Event "AIG Life rapid QF4"]
[Site "Warsaw POL"]
[Date "2002.12.22"]
[Round "5"]
[White "Markowski,T"]
[Black "Korchnoi,V"]
[Result "1/2-1/2"]
[WhiteElo "2549"]
[BlackElo "2634"]

1.g3 d5 2.Nf3 c5 3.Bg2 Nc6 4.d4 e6 5.O-O Qb6 6.dxc5 Bxc5 7.Nc3 Nf6 8.Na4 Qb5
9.Nxc5 Qxc5 10.Nd2 e5 11.Nb3 Qc4 12.Qd3 Nb4 13.Qxc4 dxc4 14.Na5 Nxc2 15.Rb1 Nd4
16.Nxc4 Nxe2+ 17.Kh1 Nxc1 18.Rbxc1 O-O 19.Nxe5 Be6 20.a3 Rab8 21.Rfd1 Rfe8
22.Rd4 h5 23.h3 Rbc8 24.Rxc8 Bxc8 25.Nc4 b6 26.Kh2 Be6 27.Ne3 Kf8 28.Ra4 Re7
29.g4 hxg4 30.hxg4 g5 31.Kg3 Rd7 32.Bc6 Rd6 33.Bf3 Rd7 34.Bc6 Rd6 35.Bf3 Rd7
36.Bc6  1/2-1/2

[Event "North American Open"]
[Site "Las Vegas USA"]
[Date "2002.12.26"]
[Round "1"]
[White "Pigusov,E"]
[Black "Hahn,A"]
[Result "1-0"]
[WhiteElo "2622"]
[BlackElo "2219"]

1.Nf3 d5 2.g3 Nf6 3.Bg2 g6 4.O-O Bg7 5.d4 O-O 6.c4 c6 7.cxd5 cxd5 8.Ne5 Nc6
9.Nc3 e6 10.Nxc6 bxc6 11.Bf4 Nd7 12.Qd2 e5 13.dxe5 Nxe5 14.b3 Re8 15.Rac1 Bg4
16.h3 Bf5 17.Na4 Rc8 18.Nc5 Qb6 19.Be3 Qb8 20.Bd4 Nd7 21.Bxg7 Kxg7 22.Nxd7 Bxd7
23.Rc5 Re7 24.Rfc1 Rce8 25.e3 Rd8 26.Qd4+ Kg8 27.b4 Be8 28.h4 h5 29.a3 Rb7
30.Ra5 Rb6 31.Rd1 Rc8 32.Bf1 Rb7 33.e4 dxe4 34.Qxe4 Bd7 35.Re5 Bf5  1-0

[Event "XVIII Winter Open"]
[Site "Nice FRA"]
[Date "2002.12.26"]
[Round "1"]
[White "Lazic,Mi"]
[Black "Bareyre,P"]
[Result "1-0"]
[WhiteElo "2461"]
[BlackElo "2164"]

1.g3 d5 2.Nf3 Nf6 3.Bg2 c5 4.O-O Nc6 5.d3 e6 6.Nbd2 b6 7.e4 Bb7 8.Re1 Be7
9.Qe2 Qc7 10.e5 Nd7 11.c4 Nb4 12.Nf1 dxc4 13.dxc4 h6 14.h4 Rd8 15.a3 Nc6
16.N1h2 Ba6 17.b3 Nd4 18.Nxd4 cxd4 19.Qg4 g5 20.hxg5 hxg5 21.Bxg5 Nxe5 22.Qf4 Bxg5
23.Qxg5 Nd3 24.Re2 Qc5 25.Bd5 Kd7 26.b4 Qd6 27.Be4 Bxc4 28.Ng4 Nf4 29.Ne5+ Qxe5
30.Qxe5 Nxe2+ 31.Kg2 Ke7 32.Qc7+  1-0

[Event "32nd Rilton Cup"]
[Site "Stockholm SWE"]
[Date "2002.12.29"]
[Round "3"]
[White "Nyysti,S"]
[Black "Sisatto,O"]
[Result "1-0"]
[WhiteElo "2410"]
[BlackElo "2206"]

1.Nf3 d5 2.g3 Nf6 3.Bg2 c5 4.c4 d4 5.e3 Nc6 6.exd4 Nxd4 7.Nxd4 Qxd4 8.d3 Qe5+
9.Be3 Ng4 10.O-O Nxe3 11.fxe3 Qxe3+ 12.Kh1 e6 13.Qb3 Bd6 14.Qb5+ Bd7 15.Qxb7 Rb8
16.Qa6 Rb6 17.Qa3 Bxg3 18.Qxa7 Qh6 19.h3 Rd6 20.Qa8+ Ke7 21.Qf3 Qg6 22.Nc3 Rxd3
23.Qe2 Rd4 24.Rad1 Rd8 25.Rxd4 cxd4 26.Ne4 Be5 27.Nf2 Qg3 28.Ng4 Bc7 29.Rf3 Qd6
30.Qf2 f5 31.Qh4+ Kf7 32.Qxh7 Bc6 33.Nh6+ Kf6 34.Rxf5+ exf5 35.Qxf5+ Ke7
36.Qf7+  1-0

[Event "26th Christmas Open Masters"]
[Site "Zurich SUI"]
[Date "2002.12.29"]
[Round "5"]
[White "Cvitan,O"]
[Black "Wirthensohn,H"]
[Result "1-0"]
[WhiteElo "2562"]
[BlackElo "2366"]

1.Nf3 d5 2.g3 Nf6 3.Bg2 c6 4.O-O Bg4 5.d4 e6 6.Nbd2 Nbd7 7.Re1 Be7 8.e4 O-O
9.c3 c5 10.exd5 Nxd5 11.Nc4 Bh5 12.Ne3 N5f6 13.Qb3 cxd4 14.cxd4 Qb6 15.Bd2 Rfd8
16.Bc3 Qxb3 17.axb3 Nb6 18.Ba5 Re8 19.Ne5 Nbd5 20.h3 Rac8 21.Nxd5 Nxd5 22.g4 Bg6
23.Nxg6 hxg6 24.Bxd5 exd5 25.Bc3 a6 26.Re5 Bf6 27.Rxd5 Rcd8 28.Rxd8 Rxd8
29.Rd1 Rd5 30.Rd3 Kf8 31.f4 Ke8 32.Kg2 Rb5 33.Be1 Kd7 34.Kf3 Bd8 35.d5 f5
36.g5 Be7 37.Bf2 Bf8 38.Be1 Kd6 39.Bc3 Kd7 40.Be5 Rc5 41.h4 Ke8 42.Ke3 Rb5
43.Kd4 Rb4+ 44.Kc3 Re4 45.Rh3 Kd7 46.h5 gxh5 47.g6 h4 48.Rxh4 Re3+ 49.Kd4 Rg3
50.Rh8 Bd6 51.Rh7 Rxg6 52.Bxg7 Ke8 53.Be5 Be7 54.Bc7 Bf6+ 55.Kc5 Bxb2 56.d6 Rg7
57.Rh8+ Kd7 58.Kd5 Bf6 59.Rf8 Bh4 60.Rxf5 b5 61.Rf8 Rh7 62.f5 Rh6 63.Rf7+ Ke8
64.Rg7 Kf8 65.Rg6 Rh7 66.Ke6  1-0

[Event "5th It"]
[Site "Ramat-Aviv ISR"]
[Date "2002.12.31"]
[Round "7"]
[White "Okunev,L"]
[Black "Porat,D"]
[Result "1-0"]
[WhiteElo "2196"]
[BlackElo "2195"]

1.Nf3 d5 2.g3 Bg4 3.Bg2 c6 4.d3 Nd7 5.h3 Bh5 6.Nbd2 e5 7.c4 d4 8.O-O Qc7
9.Rb1 Be7 10.b4 Ngf6 11.Qb3 O-O 12.Ba3 Rab8 13.Rfc1 b6 14.Qa4 Ne8 15.Kf1 f5
16.Nb3 c5 17.bxc5 Nxc5 18.Nxc5 bxc5 19.Rb5 e4 20.Nxd4 Rxb5 21.cxb5 exd3 22.exd3 Qe5
23.Re1 Qd6 24.Qxa7 Qxd4 25.Qxe7 Qxd3+ 26.Kg1 Nd6 27.Bb2 Bf7 28.Qe5 Ne8 29.b6 Nf6
30.b7 Qb5 31.a4 Qb6 32.a5 Qa7 33.Rc1 Rd8 34.Qxc5 Qb8 35.Bxf6 gxf6 36.Qc8  1-0

[Event "TCh-NOR Qualifier"]
[Site "NOR"]
[Date "2002.??.??"]
[Round "5"]
[White "Solem,T"]
[Black "Leer Salvesen,B"]
[Result "1/2-1/2"]
[WhiteElo "2185"]
[BlackElo "2297"]

1.Nf3 d5 2.g3 Nf6 3.Bg2 c6 4.O-O Bg4 5.c4 e6 6.Qb3 Qb6 7.d3 Nbd7 8.Be3 Qxb3
9.axb3 a6 10.Nbd2 Bd6  1/2-1/2

[Event "TCh-NOR Qualifier"]
[Site "NOR"]
[Date "2002.??.??"]
[Round "5"]
[White "Kvamme,J"]
[Black "Hersvik,D"]
[Result "0-1"]
[WhiteElo "2204"]
[BlackElo "2271"]

1.Nf3 d5 2.g3 c5 3.Bg2 Nc6 4.d4 Nf6 5.O-O Bf5 6.c4 dxc4 7.Qa4 cxd4 8.Nxd4 Qxd4
9.Bxc6+ Bd7 10.Bxd7+ Qxd7 11.Qxc4 Rc8 12.Qb3 e5 13.Rd1 Qc6 14.Be3 b6 15.Na3 Bc5
16.Bxc5 bxc5 17.Nc4 O-O 18.Rd6 Qe4 19.Qd3 Qxd3 20.Rxd3 e4 21.Rd6 Rc7 22.Rad1 Re8
23.h3 Kf8 24.Kf1 Rb8 25.b3 Ne8 26.Rd7 Rbc8 27.Ke1 g6 28.R1d5 f5 29.Kd2 Nf6
30.Rxc7 Rxc7 31.Rd6 Ke7 32.Kc3 e3 33.f3 Nh5 34.Rd3 Nxg3 35.Rxe3+ Kf6 36.Nd6 Kg5
37.Kc4 Kh4 38.Nb5 Rg7 39.Kxc5 Kxh3 40.b4 h5 41.Ra3 Nxe2 42.Rxa7 Rxa7 43.Nxa7 Nc3
44.Kc4 Na4 45.Kb5 Nb2 46.a4 Kg3 47.a5 h4 48.Nc6 h3 49.a6 h2 50.a7 h1=Q 51.a8=Q Qxf3
52.Qd8 f4  0-1

[Event "35th Open"]
[Site "Trinec CZE"]
[Date "2003.01.02"]
[Round "7"]
[White "Sergeev,V"]
[Black "Belunek,V"]
[Result "1/2-1/2"]
[WhiteElo "2308"]
[BlackElo "2416"]

1.Nf3 d5 2.g3 c6 3.Bg2 Bg4 4.b3 Nd7 5.Bb2 e6 6.O-O Ngf6 7.h3 Bh5 8.c4 Bd6
9.d4 O-O 10.Nbd2 a5 11.Ne5 a4 12.c5 Bxe5 13.dxe5 Ne8 14.b4 b6 15.cxb6 Qxb6
16.a3 Nc7 17.Rc1 Rfc8 18.g4 Bg6 19.Nc4 Qa6 20.Nd6 Rcb8 21.Bd4 Nb5 22.Nxb5 Rxb5
23.Rc3 Rc8 24.Qc1 c5 25.bxc5 Rb3 26.Re1 Qa5 27.c6 Nb6 28.Rc5 Rb5 29.Rxb5 Qxb5
30.Qc5 Qxc5 31.Bxc5 Rxc6  1/2-1/2

[Event "32nd Rilton Cup"]
[Site "Stockholm SWE"]
[Date "2003.01.03"]
[Round "7"]
[White "Kiik,K"]
[Black "Tetenkina,I"]
[Result "1-0"]
[WhiteElo "2450"]
[BlackElo "2251"]

1.Nf3 d5 2.g3 c6 3.Bg2 Nf6 4.O-O Bg4 5.b3 Nbd7 6.Bb2 e6 7.d3 Bd6 8.Nbd2 O-O
9.h3 Bh5 10.Qe1 Re8 11.e4 e5 12.Nh4 a5 13.a3 Bf8 14.Kh1 dxe4 15.dxe4 Nc5
16.Nc4 Qc7 17.Bc3 b6 18.a4 Na6 19.g4 Bg6 20.Bxe5 Rxe5 21.Nxe5 Qxe5 22.f4 Qc5
23.f5 Qxc2 24.fxg6 hxg6 25.e5 Re8 26.Qg3 Nd7 27.Rac1 Qb2 28.Bxc6 Nab8 29.Bb5 Qxe5
30.Qxe5 Rxe5 31.Rc8 Rc5 32.Rd8  1-0

[Event "9th Open"]
[Site "Bosnjaci CRO"]
[Date "2003.01.04"]
[Round "2"]
[White "Zovko,M"]
[Black "Novakovic,D"]
[Result "0-1"]
[WhiteElo "2128"]
[BlackElo "2356"]

1.Nf3 d5 2.g3 c6 3.d4 Nf6 4.Bg2 Bf5 5.O-O h6 6.c4 e6 7.b3 Nbd7 8.Bb2 Be7
9.Nbd2 O-O 10.Ne5 Bb4 11.Ndf3 Be4 12.a3 Bd6 13.Nd3 dxc4 14.bxc4 c5 15.e3 Qc7
16.Nfe5 Bxg2 17.Kxg2 cxd4 18.exd4 Bxe5 19.dxe5 Ne4 20.Re1 Nec5 21.Nf4 Qc6+
22.f3 Na4 23.Qe2 Nxb2 24.Qxb2 Nb6 25.Rab1 Qxc4 26.Re4 Qc7 27.a4 Rfc8 28.Nh5 Qc2+
29.Kh3 Qxb2 30.Rxb2 Rc5 31.Nf4 Rd8 32.Ne2 Rd7 33.f4 Ra5 34.Nc3 Rd3 35.Rb5 Rxc3
36.Rxa5 a6 37.Rb4 Rc6 38.Rc5 Rxc5 39.Rxb6 Rc4 40.Rxb7 Rxa4 41.Ra7 g5 42.Kg4 Kg7
43.h4 gxf4 44.gxf4 a5 45.h5 Ra1 46.Kf3 a4 47.Kg3 a3 48.Kg2 a2 49.Ra8 f5 50.Ra6 Kf7
51.Ra8 Ke7 52.Ra7+ Kd8 53.Ra5 Kc7 54.Ra6 Kb7 55.Ra3 Kb6 56.Ra8 Kc5 57.Ra4 Kb5
58.Ra7 Kc4 59.Ra3 Kd4 60.Ra6 Ke4 61.Ra4+ Ke3 62.Kh2 Kf3 63.Ra6 Kxf4 64.Ra5 Kg4  0-1

[Event "32nd Rilton Cup"]
[Site "Stockholm SWE"]
[Date "2003.01.04"]
[Round "8"]
[White "Karttunen,M"]
[Black "Johansson,G1"]
[Result "1-0"]
[WhiteElo "2413"]
[BlackElo "2241"]

1.Nf3 d5 2.g3 g6 3.Bg2 Bg7 4.O-O e5 5.d3 Ne7 6.Nbd2 O-O 7.e4 Nbc6 8.c3 a5
9.a4 h6 10.Qc2 Be6 11.Re1 Qd7 12.exd5 Bxd5 13.Nc4 f6 14.Be3 b6 15.Rad1 Rae8
16.Bc1 g5 17.Ne3 Bf7 18.d4 e4 19.Nd2 f5 20.g4 f4 21.Nef1 Qxg4 22.h3 Qd7 23.Nxe4 Ng6
24.Nh2 Nh4 25.Ng4 Bg6 26.f3 Kh8 27.b3 Bxe4 28.Rxe4 Rxe4 29.Qxe4 Re8 30.Qc2 Qe7
31.Nf2 Qe2 32.Qxe2 Rxe2 33.Bd2 Kg8 34.Kf1 Re8 35.Ne4 Kf7 36.Kf2 Nxg2 37.Kxg2 Kg6
38.Kf2 Kf5 39.Re1 Re7 40.Bc1 Kg6 41.h4 Bf6 42.Rh1 Rg7 43.hxg5 hxg5 44.Bb2 Be7
45.Ke2 Rh7 46.Rxh7 Kxh7 47.Kd3 Kg6 48.Nf2 Kf5 49.Kc4 Bd6 50.Ng4 Ne7 51.b4 Ng8
52.bxa5 bxa5 53.Kd3 Nf6 54.Nxf6 Kxf6 55.Ke4 c6 56.c4 Ke6 57.d5+ cxd5+ 58.cxd5+ Kd7
59.Bf6 Be7 60.Bxe7 Kxe7  1-0

[Event "35th Open"]
[Site "Trinec CZE"]
[Date "2003.01.04"]
[Round "9"]
[White "Lukashok,A"]
[Black "Lys,J"]
[Result "1-0"]
[WhiteElo "2384"]
[BlackElo "2353"]

1.Nf3 d5 2.g3 c6 3.Bg2 g6 4.O-O Bg7 5.d4 Nf6 6.b3 O-O 7.Bb2 Be6 8.Nbd2 Qc8
9.Re1 Bh3 10.Bh1 h6 11.c4 e6 12.Rc1 Qd8 13.Ne5 Nbd7 14.f4 Nxe5 15.fxe5 Ng4
16.e4 f6 17.exd5 cxd5 18.Bg2 Bxg2 19.Qxg4 f5 20.Qxg6 Bh3 21.Qxe6+ Kh8 22.Qxd5 Qg5
23.Nf3 Qh5 24.Nh4 f4 25.e6 Qe8 26.e7 Rg8 27.Qe4  1-0

[Event "9th Open"]
[Site "Bosnjaci CRO"]
[Date "2003.01.06"]
[Round "7"]
[White "Dusper,H"]
[Black "Rogic,D"]
[Result "0-1"]
[WhiteElo "2204"]
[BlackElo "2496"]

1.Nf3 d5 2.g3 c6 3.Bg2 Bg4 4.O-O Nd7 5.d4 Ngf6 6.c4 e6 7.Nc3 Be7 8.Qb3 Qb6
9.Qxb6 axb6 10.cxd5 exd5 11.h3 Be6 12.Ng5 Bf5 13.g4 Bc2 14.Bd2 h6 15.Rfc1 Bg6
16.Nf3 Ne4 17.Nxe4 Bxe4 18.Ne1 Bg6 19.Nc2 b5 20.f4 Bxc2 21.Rxc2 O-O 22.e4 dxe4
23.Bxe4 Ra4 24.Be3 Bf6 25.Bf5 Nb6 26.Rd1 Nd5 27.Bc1 Bxd4+ 28.Kg2 Bb6 29.b3 Raa8
30.g5 Rfd8 31.Kf3 Ne7 32.Rxd8+ Rxd8 33.Be4 hxg5 34.fxg5 Bd4 35.Ba3 Nd5 36.Rd2 Nc7
37.g6 Ne6 38.gxf7+ Kxf7 39.Rg2 Ra8 40.Bd6 Rd8 41.Bg3 Bf6 42.Re2  0-1

[Event "9th Open"]
[Site "Bosnjaci CRO"]
[Date "2003.01.06"]
[Round "7"]
[White "Vukic,M"]
[Black "Delchev,A"]
[Result "0-1"]
[WhiteElo "2514"]
[BlackElo "2583"]

1.Nf3 d5 2.g3 c6 3.Bg2 Bg4 4.O-O Nd7 5.d4 e6 6.Nbd2 Ngf6 7.Re1 Be7 8.e4 O-O
9.c3 Bh5 10.Qb3 Qb6 11.exd5 cxd5 12.Qxb6 Nxb6 13.Ne5 Bd6 14.a4 a5 15.Ndf3 Rfc8
16.Bf1 Nfd7 17.Bb5 Nxe5 18.Nxe5 Bxe5 19.Rxe5 Bd1 20.Bd2 Bb3 21.Re2 Bc4 22.Bxc4 Nxc4
23.Be1 Ra6 24.f3 Rb6 25.Ra2 Rb3 26.Bf2 Nb6 27.Re1 Rc4 28.Rea1 Rc6 29.Be3 Nc4
30.Bc1 Rcb6 31.Kf2 Nxb2 32.Bxb2 Rxb2+ 33.Ke3 R2b3 34.Ra3 h5 35.Kd3 Rxa3 36.Rxa3 Rb2
37.h4 Kh7 38.c4 dxc4+ 39.Kxc4 Rb4+ 40.Kc5 Kg6 41.d5 exd5 42.Kxd5 Kf5 43.Re3 Rxa4
44.Re7 Rb4 45.Rxf7+ Kg6 46.Rf8 Rb5+ 47.Ke4 Rb6 48.f4 a4  0-1

[Event "ch-Donetsk Region"]
[Site "Donetsk UKR"]
[Date "2003.01.08"]
[Round "1"]
[White "Savchenko,Yuri UKR"]
[Black "Ivanov,O UKR"]
[Result "0-1"]
[WhiteElo "2416"]
[BlackElo "2474"]

1.Nf3 d5 2.g3 c6 3.Bg2 Nf6 4.O-O Bf5 5.d4 e6 6.Nbd2 Nbd7 7.c4 h6 8.Re1 Be7
9.b3 O-O 10.Bb2 Ne4 11.Nxe4 Bxe4 12.Nd2 Bxg2 13.Kxg2 b5 14.e4 Bb4 15.a3 Bxd2
16.Qxd2 bxc4 17.bxc4 Nb6 18.cxd5 cxd5 19.Bc3 dxe4 20.Rxe4 Qd5 21.f3 Rfc8
22.Bb4 a5 23.Bc5 Nd7 24.Qf2 Nxc5 25.dxc5 Rxc5 26.Rd4 Qb3 27.Rd2 Rac8 28.Raa2 Rc3
29.Qa7 Rxf3 30.Qxa5 Qb7 31.Qb4 Qa8 32.Kh3 Rf5 33.Rf2 Rh5+ 34.Kg4 Qd5 35.Rad2 Rc4+
36.Qxc4 Rg5+  0-1

[Event "Bundesliga 2002-3"]
[Site "Erfurt GER"]
[Date "2003.01.11"]
[Round "8"]
[White "Hickl,J"]
[Black "Beliavsky,A"]
[Result "0-1"]
[WhiteElo "2570"]
[BlackElo "2649"]

1.g3 d5 2.Nf3 c6 3.Bg2 Bg4 4.b3 Nd7 5.Bb2 e6 6.O-O Ngf6 7.d3 Bd6 8.Nbd2 O-O
9.c4 Qe7 10.a3 a5 11.Qc2 Rfd8 12.h3 Bh5 13.Rfe1 e5 14.e3 dxc4 15.Qxc4 Bc7
16.Nh4 Qc5 17.d4 Qxc4 18.Nxc4 exd4 19.Bxd4 Ne8 20.g4 Bg6 21.Rac1 Nd6 22.Red1 Nb5
23.Nxg6 hxg6 24.Bb2 a4 25.b4 Nf6 26.Bf1 Rd5 27.Be2 Bd8 28.Ne5 Nd6 29.Kg2 Rxd1
30.Rxd1 Be7 31.Bd3 Nd5 32.Nd7 Rd8 33.Nc5 b5 34.Rc1 Nb6 35.Bd4 Bf6 36.Bxf6 gxf6
37.Rc3 Ndc4 38.e4 Kg7 39.Nb7 Rc8 40.h4 Rc7 41.Na5 c5 42.Bxc4 Nxc4 43.f3 Nxa3
44.Rxa3 cxb4 45.Ra1 Rc3 46.Kg3 b3 47.Rb1 b4 48.Kf4 a3 49.Nxb3 Rxb3  0-1

[Event "Troll Masters"]
[Site "Gausdal NOR"]
[Date "2003.01.11"]
[Round "6"]
[White "Andersen,A"]
[Black "Sander,R"]
[Result "1-0"]
[WhiteElo "2142"]
[BlackElo "2048"]

1.Nf3 d5 2.g3 Nf6 3.Bg2 c5 4.d3 Nc6 5.O-O Bf5 6.Nbd2 e6 7.Re1 Be7 8.c3 O-O
9.a3 h6 10.b4 cxb4 11.cxb4 a6 12.Bb2 Rc8 13.Nb3 Nd7 14.Rc1 Bf6 15.Bxf6 Qxf6
16.d4 Be4 17.e3 Rc7 18.Nfd2 Bxg2 19.Kxg2 Rfc8 20.Qe2 Qd8 21.Nc5 Ncb8 22.Ndb3 b5
23.Nd2 Nxc5 24.dxc5 Nc6 25.Nf3 e5 26.Rcd1 Rd7 27.Qb2 Qf6 28.Rd2 Rcd8 29.Red1 Qf5
30.Qb3 g5 31.h3 h5 32.Rxd5 g4 33.hxg4 hxg4 34.Ng5 Nd4 35.Rxd7 Nxb3 36.Rxd8+ Kg7
37.Nxf7 Kxf7 38.R1d7+ Ke6 39.Rd6+ Ke7 40.c6  1-0

[Event "Bundesliga 2002-3"]
[Site "Erfurt GER"]
[Date "2003.01.12"]
[Round "9"]
[White "Gabriel,Ch"]
[Black "Haba,P"]
[Result "1/2-1/2"]
[WhiteElo "2569"]
[BlackElo "2516"]

1.Nf3 d5 2.g3 Nf6 3.Bg2 c6 4.O-O Bf5 5.d3 e6 6.Nbd2 h6 7.b3 Be7 8.Bb2 O-O
9.c4 a5 10.a3 Nbd7 11.Rc1 Re8 12.Rc2 Bd6 13.e4 dxe4 14.dxe4 Bg4 15.h3 Bxf3
16.Nxf3 Qc7 17.Re1 e5 18.Rd2 Bc5 19.Qc2 Nf8 20.h4 Ng6 21.Bh3 Qe7 22.Ra1 Rad8
23.Bf5 Rxd2 24.Qxd2 Rd8 25.Qxa5 Rd3 26.b4 Rxf3 27.bxc5 Rb3 28.Bc3 Nf8 29.Re1 g6
30.Bh3 h5 31.Kg2 Ng4 32.Bxg4 hxg4 33.Rd1 Qf6 34.Rd3 Rb1 35.Qc7 Qe6 36.Qxe5 Qxe5
37.Bxe5 Ne6 38.Rd7 Kf8 39.Bf6 Ke8 40.Re7+ Kf8 41.Rd7 Ke8 42.Re7+  1/2-1/2

[Event "ch-USA"]
[Site "Seattle USA"]
[Date "2003.01.13"]
[Round "5"]
[White "Zaichik,G"]
[Black "Gurevich,D"]
[Result "1/2-1/2"]
[WhiteElo "2516"]
[BlackElo "2492"]

1.Nf3 d5 2.g3 Bg4 3.Bg2 Nd7 4.c4 e6 5.cxd5 exd5 6.Qb3 Nc5 7.Qe3+ Be7 8.Ne5 Be6
9.d4 Nd7 10.Qb3 Nb6 11.O-O Nf6 12.Nc3 O-O 13.Nd3 c6 14.a4 Rb8 15.Bf4 Bd6
16.Rfc1 Bf5 17.Bxd6 Qxd6 18.Ne5 Nbd7 19.Nxd7 Qxd7 20.a5 Bh3 21.Bh1 Rfe8 22.e3 h5  1/2-1/2

[Event "GMB"]
[Site "Wijk aan Zee NED"]
[Date "2003.01.19"]
[Round "7"]
[White "Koneru,H"]
[Black "Jonkman,H"]
[Result "1-0"]
[WhiteElo "2496"]
[BlackElo "2436"]

1.Nf3 d5 2.g3 c6 3.Bg2 Bg4 4.b3 Nd7 5.Bb2 Ngf6 6.d3 e6 7.Nbd2 a5 8.a3 Bd6
9.O-O O-O 10.h3 Bh5 11.Qe1 Re8 12.e4 e5 13.Nh4 Rc8 14.Nf5 Bb8 15.b4 a4 16.Rc1 Nf8
17.Nf3 d4 18.N3h4 Ne6 19.Qd2 b6 20.Bf3 Bg6 21.Bd1 Qd7 22.Kg2 c5 23.c4 dxc3
24.Bxc3 cxb4 25.Bxb4 Rxc1 26.Qxc1 b5 27.Bc2 Ba7 28.Bb1 Nd4 29.Nxd4 Bxd4 30.Nxg6 hxg6
31.Qd2 Rc8 32.Rc1 Rxc1 33.Qxc1 Bb6 34.Qc3 Bd4 35.Qc2 g5 36.f3 Bb6 37.Qc3 Bd4
38.Qc1 Nh7 39.Ba2 g6 40.Bd5 Bb6 41.Qc6  1-0

[Event "ch-IND"]
[Site "Mumbai IND"]
[Date "2003.01.22"]
[Round "7"]
[White "Arvind,S"]
[Black "Sundararajan,K"]
[Result "1-0"]
[WhiteElo "2330"]
[BlackElo "2416"]

1.Nf3 d5 2.g3 Nf6 3.Bg2 c6 4.O-O Bg4 5.b3 Nbd7 6.Bb2 e6 7.d3 Be7 8.Nbd2 O-O
9.h3 Bh5 10.Qe1 Qc7 11.e4 dxe4 12.dxe4 Rfe8 13.Kh1 a5 14.a3 e5 15.Nh4 Bg6
16.Rd1 Nc5 17.Nxg6 hxg6 18.Nc4 Bf8 19.Bc3 b6 20.a4 Na6 21.Qe3 Bc5 22.Qc1 b5
23.Bxa5 Qb8 24.axb5 cxb5 25.Ne3 b4 26.c3 bxc3 27.Qxc3 Bd4 28.Qc2 Rc8 29.Nc4 Nc5
30.Nb6 Rxa5 31.Nxc8 Qxc8 32.b4 Rb5 33.Rb1 Nfxe4 34.bxc5 Rxb1 35.Rxb1 Nxf2+
36.Kh2 Qxc5 37.Qxc5 Bxc5 38.Bd5 e4 39.Rb8+ Kh7 40.Bxf7 e3 41.Re8 Bd4 42.Re6 g5
43.Bg6+ Kh6 44.Bf5+ Bf6 45.Rxe3 Nd1 46.Re8 g6 47.Re6 Kg7 48.Bc2 Nc3 49.Rd6 Ne2
50.Kg2 Kf7 51.Rd7+ Ke6 52.Rd2 Nd4 53.Bxg6 Be5 54.Be4 Kf6 55.Ra2 Ke6 56.Ra6+ Kf7
57.Kf2 Ke7 58.Ke3 Kf7 59.Bd5+ Kg7 60.Ke4 Bf6 61.Rxf6 Kxf6 62.Kxd4 Kf5 63.Bf3  1-0

[Event "Inv. Tens"]
[Site "Wijk aan Zee NED"]
[Date "2003.01.24"]
[Round "7"]
[White "Boom,W"]
[Black "Strating,S"]
[Result "1-0"]
[WhiteElo "2238"]
[BlackElo "2325"]

1.Nf3 d5 2.g3 c6 3.Bg2 Nf6 4.O-O Bg4 5.d3 Nbd7 6.h3 Bh5 7.b3 e5 8.Bb2 Bd6
9.Nbd2 O-O 10.c4 Re8 11.e4 Nc5 12.Qc2 a5 13.Nxe5 Bxe5 14.Bxe5 Rxe5 15.d4 Rxe4
16.dxc5 Re2 17.cxd5 Nxd5 18.Rad1 Nb4 19.Qb2 Qe7 20.g4 Bg6 21.Bf3 Re5 22.Nc4 Rxc5
23.Rfe1 Qc7 24.Qd4 Rb5 25.Re2 Nd5 26.Na3 Rb4 27.Nc4 Nf4 28.Red2 Nxh3+ 29.Kg2 h5
30.Kxh3 hxg4+ 31.Bxg4 b5 32.Qd6 Qxd6 33.Nxd6 a4 34.bxa4 Raxa4 35.Bf3 Ra3
36.Kg2 c5 37.Nb7 c4 38.Rd8+ Kh7 39.Rh1+ Bh5 40.Rxh5+ Kg6 41.Rd6+ f6 42.Rh3 Rxa2
43.Rg3+ Kh6 44.Rd4 g5 45.Rh3+  1-0

[Event "TCh-AUT 2002-3"]
[Site "Jenbach AUT"]
[Date "2003.01.25"]
[Round "7"]
[White "Postl,A"]
[Black "Perhinig,R"]
[Result "0-1"]
[WhiteElo "2322"]
[BlackElo "2229"]

1.Nf3 d5 2.g3 c6 3.Bg2 Bg4 4.d3 Nf6 5.Nbd2 g6 6.O-O Bg7 7.e4 dxe4 8.dxe4 Qc8
9.Re1 O-O 10.Qe2 Na6 11.a4 Nc7 12.Ra3 Bh3 13.e5 Bxg2 14.Kxg2 Nfd5 15.Qe4 f5
16.exf6 exf6 17.Qh4 Qd7 18.Ne4 Ne6 19.Rd3 Rad8 20.Bh6 g5 21.Bxg5 fxg5 22.Nexg5 Nxg5
23.Nxg5 Bf6 24.Re4 Bxg5 25.Qxg5+ Qg7 26.Qh4 Qf6 27.Qg4+ Kh8 28.f4 Qxb2 29.Re2 Rde8
30.Rb3 Qd4 31.Rxb7 Ne3+ 32.Rxe3 Rxe3 33.Kh3 Qf6  0-1

[Event "TCh-AUT 2002-3"]
[Site "Jenbach AUT"]
[Date "2003.01.25"]
[Round "7"]
[White "Beim,V"]
[Black "Herndl,H"]
[Result "1-0"]
[WhiteElo "2553"]
[BlackElo "2329"]

1.Nf3 d5 2.g3 Nf6 3.Bg2 c6 4.O-O Bg4 5.d3 Nbd7 6.Qe1 e5 7.e4 dxe4 8.dxe4 Bc5
9.Nbd2 O-O 10.Nc4 Re8 11.b4 Bf8 12.Bb2 Qc7 13.a3 b5 14.Ne3 Nb6 15.Nxe5 Rxe5
16.f4 Re6 17.Bxf6 Rxf6 18.Nxg4 Re6 19.Ne3 a5 20.bxa5 Na4 21.c4 Rxa5 22.cxb5 Rxb5
23.Kh1 Qa7 24.e5 Rb3 25.Nc4 Qa6 26.Rc1 g6 27.f5 gxf5 28.Qf2 Nc5 29.Qxf5 Qa7
30.Nd6 Nd3 31.Be4 Bxd6 32.Qxh7+ Kf8 33.exd6 Rxd6 34.Bxd3  1-0